Leisure operators upbeat (Record no. 72131)
[ view plain ]
| 000 -LEADER | |
|---|---|
| fixed length control field | 00920cam a2200193 4500 |
| 001 - CONTROL NUMBER | |
| control field | WB3907-15 |
| 008 - FIXED-LENGTH DATA ELEMENTS--GENERAL INFORMATION | |
| fixed length control field | 030219n2003 000 0 eng u |
| 035 ## - SYSTEM CONTROL NUMBER | |
| System control number | (Sirsi) u121392 |
| 245 ## - TITLE STATEMENT | |
| Title | Leisure operators upbeat |
| 260 ## - PUBLICATION, DISTRIBUTION, ETC. | |
| Date of publication, distribution, etc. | 2003 |
| 490 ## - SERIES STATEMENT | |
| Series statement | King Sturge Press Release |
| Volume/sequential designation | 12 February 2003, (2) |
| 520 ## - SUMMARY, ETC. | |
| Summary, etc. | A report by RSM Robson Rhodes and King Sturge reveals that UK leisure operators are optimistic about growth prospects in the leisure sector with three quarters predicting an increase in their number of units over the next three years. "Financing leisure property" examines the property and funding strategies of leading operators in the UK. www.kingsturge.com/site/docs/pressoffice/newsdisplay.cfm?NID=%24%29I3%27H%20%2D%20%0A |
| 590 ## - LOCAL NOTE (RLIN) | |
| Local note | WB |
| 650 ## - SUBJECT ADDED ENTRY--TOPICAL TERM | |
| Topical term or geographic name entry element | LEISURE MARKET |
| 650 ## - SUBJECT ADDED ENTRY--TOPICAL TERM | |
| Topical term or geographic name entry element | PROPERTY-COMMERCIAL PROPERTY |
| 650 ## - SUBJECT ADDED ENTRY--TOPICAL TERM | |
| Topical term or geographic name entry element | LEISURE OPERATORS |
| 690 ## - LOCAL SUBJECT ADDED ENTRY--TOPICAL TERM (OCLC, RLIN) | |
| Topical term or geographic name as entry element | LEISURE AND RECREATION |
| 942 ## - ADDED ENTRY ELEMENTS (KOHA) | |
| Suppress in OPAC | 0 |
| Withdrawn status | Lost status | Source of classification or shelving scheme | Damaged status | Not for loan | Home library | Current library | Shelving location | Date acquired | Total Checkouts | Full call number | Barcode | Date last seen | Copy number | Price effective from | Koha item type |
|---|---|---|---|---|---|---|---|---|---|---|---|---|---|---|---|
| Dewey Decimal Classification | London | London | News article | 19/02/2003 | WB3907-15 | 121392-1001 | 06/08/2019 | 1 | 06/08/2019 | News article |